000 00405nam a22001577a 4500
005 20180227152538.0
008 180227b xxu||||| |||| 00| 0 eng d
020 _a978-81-203-3819-7
041 _aeng
082 _a005.1
100 _amall, Rajib
_94177
245 _aFundamentals of Software Engineering
_cRajib Mall
260 _aNew Delhi
_bPHI LEARNING PVT LTD
_c2009
300 _a433p.
942 _cBK
999 _c5682
_d5680